Estatísticas para Países com Mais Títulos de Grand Slam de Tênis

Clique aqui para jogar o quiz

Estatísticas Gerais

  • Esse quiz foi jogado 1 293 vezes
  • A pontuação média é 8 de 10

Estatísticas das Respostas

#Melhor TenistaPaís% Correto
143Serena WilliamsEstados Unidos
100%
36Rafael NadalEspanha
97%
14Maria SharapovaRússia
95%
29Roger FedererSuíça
90%
31Novak DjokovicSérvia
89%
25Björn BorgSuécia
88%
32Steffi GrafAlemanha
85%
45Margaret CourtAustrália
74%
11Justine HeninBélgica
62%
15Ivan LendlTchecoslováquia
32%

Distribuição das Pontuações

Percentil de Números Respondidos

Porcentagem de Pessoas com Cada Pontuação

Sua Pontuação Histórica

Você não jogou esse quiz